| 000 | 00890nam a2200301 i 4500 | ||
|---|---|---|---|
| 001 | 7785 | ||
| 003 | KOSZ 005 | ||
| 005 | 20201105081027.0 | ||
| 008 | 950707s1966 pl f |000 0 pol d | ||
| 040 |
_cKOSZ 005/HR _aKOSZ 005/HR _dKOSZ 005/HR |
||
| 041 | _apol | ||
| 046 | _k1966 | ||
| 080 | _a517.2/.3 | ||
| 080 | _a(07) | ||
| 100 | 1 |
_aFihtengol'c, Grigorij Mihajlovič _d(1888-1959) _eAutor |
|
| 245 | 1 | 0 |
_aRachunek różniczkowy i całkowy. _nT. 2 / _cG. M. Fichtenholz. |
| 246 | 1 |
_iTyt. oryg.: _aKurs differencial'nogo i integral'nogo isčislenija |
|
| 250 | _aWyd. 4 fotogr. | ||
| 260 |
_aWarszawa : _bPaństwowe Wydawnictwo Naukowe, _c1966. |
||
| 300 | _a696 s. | ||
| 380 | _aKsiążki | ||
| 388 | _a1901- | ||
| 658 | _aMatematyka | ||
| 655 | 4 | _aPodręcznik | |
| 650 | 4 | _aRachunek całkowy | |
| 650 | 4 | _aRachunek różniczkowy | |
| 942 |
_cKS _2UKD |
||
| 999 |
_c7785 _d7785 |
||